Perspectives in Marxist Anthropology

Đã lưu trong:
Bibliografiske detaljer
Hovedforfatter: Godelier, Maurice
Format: Bog
Sprog:Undetermined
Udgivet: London Cambridge University Press 1973
Fag:
Tags: Tilføj Tag
Ingen Tags, Vær først til at tagge denne postø!
Thư viện lưu trữ: Trung tâm Học liệu Trường Đại học Cần Thơ
LEADER 00507nam a2200181Ia 4500
001 CTU_89971
008 210402s9999 xx 000 0 und d
082 |a 335.43 
082 |b G579 
100 |a Godelier, Maurice 
245 0 |a Perspectives in Marxist Anthropology 
245 0 |c Maurice Godelier 
260 |a London 
260 |b Cambridge University Press 
260 |c 1973 
650 |a Marxist anthropology. 
904 |i Ngọc Loan,Hải 
980 |a Trung tâm Học liệu Trường Đại học Cần Thơ